Emprendimiento exitoso cm̤o mejorar su proceso y gestin̤ /

Detalles Bibliográficos
Autor principal: Schnarch Kirbergy, Alejandro
Formato: eBook
Lenguaje:español
Publicado: Bogot:̀ ECOE, 2014
Materias:
Acceso en línea:Acceso restringido

MARC

LEADER 00000nam a22000007a 4500
005 20220214220941.0
007 cr|||| ||||
008 220214s2014 co |||||s|||| 00||0 spa d
020 |a 9789587711561 
035 |a 35855 
040 |a vLex 
090 |c 12989  |d 12989 
100 1 |a Schnarch Kirbergy, Alejandro 
245 1 0 |a Emprendimiento exitoso  |h [Recurso electrn̤ico] :  |b cm̤o mejorar su proceso y gestin̤ /  |c Alejandro Schnarch Kirbergy 
256 |a Servicio en ln̕ea 
260 |a Bogot:̀  |b ECOE,  |c 2014 
300 |a 1 recurso electrn̤ico 
506 1 |a Disponible solo en los productos indicados  |d vLex Global  |d vLex Global (Academic Edition, excluding Law Schools)  |d vLex Global (U.S. Academic Edition, Law Schools)  |d vLex Global (U.S. Academic Edition, excluding Law Schools)  |d vLex Global (Academic Edition, Law Schools) 
650 0 4 |a Derecho Mercantil y de la Empresa  |z Colombia 
740 0 |a vLex Libros (Servicio en ln̕ea) 
856 4 0 |u https://app.vlex.com/#/sources/35855  |z Acceso restringido 
942 |c BOOK 
999 0 |a Derecho Mercantil y de la Empresa